| 000 | 01052nam0a2200325 4500 | ||
|---|---|---|---|
| 001 | RU\NLR\bibl\315921 | ||
| 005 | 20260405175841.0 | ||
| 010 |
_a5-93356-016-2 _91000 |
||
| 021 |
_aRU _b2002-30017 _91492 |
||
| 035 | _a(NLR Aleph) 000311004 | ||
| 090 |
_a37686 _c37686 |
||
| 100 | _a20020925d2002 |||y0rusy50 ca | ||
| 101 | 0 | _arus | |
| 102 | _aRU | ||
| 105 | _aa ||||||||| | ||
| 200 | 1 |
_aПесочные часы _eПовесть _fР. Назаров |
|
| 210 |
_aСПб. _cЛевша. Санкт-Петербург _d2002 |
||
| 215 |
_a198 с. _cил. _d21 |
||
| 675 |
_a821.161.1-3Назаров _v3 _zrus |
||
| 686 |
_a17.82 _2rugasnti |
||
| 686 |
_a84(2Рос-Рус)6-4 _2rubbk |
||
| 686 | _aШ6(2=Р)75-440.4 | ||
| 700 | 1 |
_4070 _aНазаров _bР. В. _cписатель _f1928-2001 _gРоальд Викторович _3RU\NLR\auth\7776855 _959783 |
|
| 801 | 0 |
_aRU _bRKP _c20020925 _gPSBO |
|
| 801 | 1 |
_aRU _bRKP _c20020925 |
|
| 801 | 2 |
_aRU _bNLR _c20120426 _grcr |
|
| 942 | _cBOOK | ||
| 980 | _aNB | ||